000 00855nam a2200265Ia 4500
003 OSt
005 20220918171035.0
006 a|||||r|||| 00| 0
007 ta
008 220917b |||||||| |||| 00| 0 eng d
020 _a9781138121027 (hbk)
_cUKP 110.00
024 _a327,391
037 _b1451, 17/01/2018, Bright Book Service
_cTextual
040 _aARTS
_cARTS
_beng
041 _2eng
_aeng
082 _aQ7, Q7
100 _aNilan Pam Au.
_933450
245 0 _aMuslim youth in the diaspora
_b challenging extremism through popular culture
260 _aNew York
_bRoutledge USA
_c2017
300 _avii,216p.
_ccm.
490 _aYouth, young adulthood and society
650 _aMUSLIMS; POPULAR CULTURE
_933451
942 _hQ7, Q7
_cTEXL
_2CC
999 _c137477
_d137477